Guidelines for public private partnership (Record no. 507097)

000 -LEADER
fixed length control field 00362nam a22001097a 4500
082 ## - DEWEY DECIMAL CLASSIFICATION NUMBER
Classification number L714x54 G941
100 ## - MAIN ENTRY--PERSONAL NAME
Personal name Government of India, Planning commission
9 (RLIN) 592
245 ## - TITLE STATEMENT
Title Guidelines for public private partnership
Remainder of title Pre-Qualification of Bidders
Statement of responsibility, etc Planning commission
260 ## - PUBLICATION, DISTRIBUTION, ETC. (IMPRINT)
Place of publication, distribution, etc New Delhi
Name of publisher, distributor, etc Planning Commission
Date of publication, distribution, etc 2009
300 ## - PHYSICAL DESCRIPTION
Extent 91p.
650 ## - SUBJECT ADDED ENTRY--TOPICAL TERM
Topical term or geographic name as entry element Economics
9 (RLIN) 593
Holdings
Withdrawn status Lost status Source of classification or shelving scheme Damaged status Koha normalized classification for sorting Not for loan Permanent location Current location Date acquired Full call number Barcode Date last seen Price effective from Koha item type
        L_714X54_G941   Indian Institute of Public Administration Indian Institute of Public Administration 2019-01-04 L714x54 G941 GG34434 2019-01-04 2019-01-04 GG

Powered by Koha